000 00507nam a2200193Ia 4500
003 GCL
008 140319s9999 xx 000 0 eng d
040 _aGCL /
_cGCL
082 0 4 _a374.102
_bK E
100 1 _aKYRIACOU, CHRIS
245 1 0 _aEFFECTIVE TEACHING IN SCHOOLS /
_cKYRIACOU, CHRIS
260 _a[S.N] :
_bSIMON & SCHUS TER, INC ،
_c1994
300 _a220 P
650 0 4 _aTEACHING
650 0 4 _aLEARNING EXPERIENCE
650 0 4 _aLEARNING
650 0 4 _aTEACHING - QUALITIES
942 _2ddc
_cBK
999 _c23486
_d23486